000 00785nam a22002297a 4500
003 OSt
005 20230831101706.0
008 140916b xxu||||| |||| 00| 0 eng d
022 _a0855305
040 _cWIUC
050 _aKRX18.Su7 (2006)
245 _aThe Supreme Court of Ghana law Reports (2005-2006): cases determined by the Supreme Court of the Republic of Ghana /
_cedited by S.Y. Bimpong-Buta ... [et al.]
260 _aAccra:
_bAdvanced legal Publications,
_c2006.
300 _axlix,1185 p. :
_c24cm.
440 _pThe Supreme Ourt of Ghana Law Reports.
_92165
500 _aIncludes index.
700 _aBimpong-Buta, S. Y.
_91005
700 _aAdaare, Albert,
700 _aBruce-Thompson, Herebert A.
_92335
800 _aBimpong-Buta, S.Y.
_91005
942 _2lcc
_cBK
999 _c4875
_d12375